| 000 | 00635cam a22002293a 4500 | ||
|---|---|---|---|
| 001 | 26113 | ||
| 003 | PGUSA | ||
| 005 | 20140828083549.0 | ||
| 008 | 080723s2008||||xxu|||||s|||||000 | eng d | ||
| 040 |
_aPGUSA _beng |
||
| 042 | _adc | ||
| 050 | 4 | _aTT | |
| 245 | 1 | 0 |
_aHandbook of Wool Knitting and Crochet _h[electronic resource] / _cAnonymous |
| 260 |
_bProject Gutenberg, _c2008 |
||
| 506 | _aPublic domain in the USA. | ||
| 516 | _aElectronic text | ||
| 653 | _aCrocheting -- Patterns | ||
| 653 | _aKnitting -- Patterns | ||
| 830 | 0 |
_aProject Gutenberg _v26113 |
|
| 856 | 4 | 0 | _uhttp://www.gutenberg.org/ebooks/26113 |
| 942 | _cEB | ||
| 999 |
_c255368 _d255368 |
||